00782nam a2200217Ia 4500003000200000005001700002008004100019050003000060100001900090245005900109260009000168300002800258504004100286650002800327650002800355650002900383650003900412650004800451650003600499650002900535020250129093523.0190909s9999 xx 000 0 und d aPGS BF 576b .Se478 2017  aSeon, Choi Hee aFashion and emotional quotient (EQ) /cChoi Hee Seon. aLas Piñas City, Philippines :bSouthville International School and Colleges,c2017. a25 p. :bill. ;c28 cm. aIncludes bibliographical references. aFashion and psychology. aEmotional intelligence. aSelf-esteem and fashion. aClothing and emotional expression. aPersonal appearancevPsychological aspects. aFashionvPsychological aspects. aFashionvSocial aspects.